<?xml version="1.0" encoding="UTF-8"?>
<record
    xmlns:xsi="http://www.w3.org/2001/XMLSchema-instance"
    xsi:schemaLocation="http://www.loc.gov/MARC21/slim http://www.loc.gov/standards/marcxml/schema/MARC21slim.xsd"
    xmlns="http://www.loc.gov/MARC21/slim">

  <leader>00334nam a22001337a 4500</leader>
  <controlfield tag="008">241016b        |||||||| |||| 00| 0 eng d</controlfield>
  <datafield tag="022" ind1=" " ind2=" ">
    <subfield code="a">00222437</subfield>
  </datafield>
  <datafield tag="041" ind1=" " ind2=" ">
    <subfield code="a">Eng</subfield>
  </datafield>
  <datafield tag="245" ind1=" " ind2=" ">
    <subfield code="a">Journal Of Marketing Research</subfield>
  </datafield>
  <datafield tag="260" ind1=" " ind2=" ">
    <subfield code="a">Dehli</subfield>
    <subfield code="b">Sage Publication</subfield>
    <subfield code="c">2024</subfield>
  </datafield>
  <datafield tag="300" ind1=" " ind2=" ">
    <subfield code="a">184p</subfield>
  </datafield>
  <datafield tag="856" ind1=" " ind2=" ">
    <subfield code="u">journals.sagepub.com/home/mrj</subfield>
  </datafield>
  <datafield tag="942" ind1=" " ind2=" ">
    <subfield code="c">SR</subfield>
    <subfield code="s">1</subfield>
  </datafield>
  <datafield tag="999" ind1=" " ind2=" ">
    <subfield code="c">42348</subfield>
    <subfield code="d">42348</subfield>
  </datafield>
  <datafield tag="952" ind1=" " ind2=" ">
    <subfield code="0">0</subfield>
    <subfield code="1">0</subfield>
    <subfield code="2">ddc</subfield>
    <subfield code="4">0</subfield>
    <subfield code="7">0</subfield>
    <subfield code="a">IMTN</subfield>
    <subfield code="b">IMTN</subfield>
    <subfield code="d">2024-10-16</subfield>
    <subfield code="h">Vol. 61, No. 1</subfield>
    <subfield code="l">0</subfield>
    <subfield code="p">P86</subfield>
    <subfield code="r">2024-10-16 00:00:00</subfield>
    <subfield code="w">2024-10-16</subfield>
    <subfield code="y">SR</subfield>
  </datafield>
  <datafield tag="952" ind1=" " ind2=" ">
    <subfield code="0">0</subfield>
    <subfield code="1">0</subfield>
    <subfield code="2">ddc</subfield>
    <subfield code="4">0</subfield>
    <subfield code="7">0</subfield>
    <subfield code="a">IMTN</subfield>
    <subfield code="b">IMTN</subfield>
    <subfield code="d">2024-10-16</subfield>
    <subfield code="h">Vol. 61, No. 2</subfield>
    <subfield code="l">0</subfield>
    <subfield code="p">P87</subfield>
    <subfield code="r">2024-10-16 00:00:00</subfield>
    <subfield code="w">2024-10-16</subfield>
    <subfield code="y">SR</subfield>
  </datafield>
  <datafield tag="952" ind1=" " ind2=" ">
    <subfield code="0">0</subfield>
    <subfield code="1">0</subfield>
    <subfield code="2">ddc</subfield>
    <subfield code="4">0</subfield>
    <subfield code="7">0</subfield>
    <subfield code="a">IMTN</subfield>
    <subfield code="b">IMTN</subfield>
    <subfield code="d">2024-10-16</subfield>
    <subfield code="h">Vol. 61, No. 3</subfield>
    <subfield code="l">0</subfield>
    <subfield code="p">P88</subfield>
    <subfield code="r">2024-10-16 00:00:00</subfield>
    <subfield code="w">2024-10-16</subfield>
    <subfield code="y">SR</subfield>
  </datafield>
  <datafield tag="952" ind1=" " ind2=" ">
    <subfield code="0">0</subfield>
    <subfield code="1">0</subfield>
    <subfield code="2">ddc</subfield>
    <subfield code="4">0</subfield>
    <subfield code="7">0</subfield>
    <subfield code="a">IMTN</subfield>
    <subfield code="b">IMTN</subfield>
    <subfield code="d">2024-10-16</subfield>
    <subfield code="h">Vol. 61, No. 4</subfield>
    <subfield code="l">0</subfield>
    <subfield code="p">P89</subfield>
    <subfield code="r">2024-10-16 00:00:00</subfield>
    <subfield code="w">2024-10-16</subfield>
    <subfield code="y">SR</subfield>
  </datafield>
  <datafield tag="952" ind1=" " ind2=" ">
    <subfield code="0">0</subfield>
    <subfield code="1">0</subfield>
    <subfield code="2">ddc</subfield>
    <subfield code="4">0</subfield>
    <subfield code="7">0</subfield>
    <subfield code="a">IMTN</subfield>
    <subfield code="b">IMTN</subfield>
    <subfield code="d">2024-12-02</subfield>
    <subfield code="h">Vol. 61, No. 5</subfield>
    <subfield code="l">0</subfield>
    <subfield code="p">P109</subfield>
    <subfield code="r">2024-12-02 00:00:00</subfield>
    <subfield code="w">2024-12-02</subfield>
    <subfield code="y">SR</subfield>
  </datafield>
  <datafield tag="952" ind1=" " ind2=" ">
    <subfield code="0">0</subfield>
    <subfield code="1">0</subfield>
    <subfield code="2">ddc</subfield>
    <subfield code="4">0</subfield>
    <subfield code="7">0</subfield>
    <subfield code="a">IMTN</subfield>
    <subfield code="b">IMTN</subfield>
    <subfield code="d">2025-04-26</subfield>
    <subfield code="h">Vol. 61, No. 6</subfield>
    <subfield code="l">0</subfield>
    <subfield code="p">P 155</subfield>
    <subfield code="r">2025-04-26 00:00:00</subfield>
    <subfield code="w">2025-04-26</subfield>
    <subfield code="y">SR</subfield>
  </datafield>
  <datafield tag="952" ind1=" " ind2=" ">
    <subfield code="0">0</subfield>
    <subfield code="1">0</subfield>
    <subfield code="2">ddc</subfield>
    <subfield code="4">0</subfield>
    <subfield code="7">0</subfield>
    <subfield code="a">IMTN</subfield>
    <subfield code="b">IMTN</subfield>
    <subfield code="d">2025-11-03</subfield>
    <subfield code="h">Vol. 62, No. 1</subfield>
    <subfield code="l">0</subfield>
    <subfield code="p">P988</subfield>
    <subfield code="r">2025-11-03 16:10:40</subfield>
    <subfield code="w">2025-11-03</subfield>
    <subfield code="y">SR</subfield>
  </datafield>
  <datafield tag="952" ind1=" " ind2=" ">
    <subfield code="0">0</subfield>
    <subfield code="1">0</subfield>
    <subfield code="2">ddc</subfield>
    <subfield code="4">0</subfield>
    <subfield code="7">0</subfield>
    <subfield code="a">IMTN</subfield>
    <subfield code="b">IMTN</subfield>
    <subfield code="d">2025-11-03</subfield>
    <subfield code="h">Vol. 62, No. 2</subfield>
    <subfield code="l">0</subfield>
    <subfield code="p">P989</subfield>
    <subfield code="r">2025-11-03 16:11:30</subfield>
    <subfield code="w">2025-11-03</subfield>
    <subfield code="y">SR</subfield>
  </datafield>
  <datafield tag="952" ind1=" " ind2=" ">
    <subfield code="0">0</subfield>
    <subfield code="1">0</subfield>
    <subfield code="2">ddc</subfield>
    <subfield code="4">0</subfield>
    <subfield code="7">0</subfield>
    <subfield code="a">IMTN</subfield>
    <subfield code="b">IMTN</subfield>
    <subfield code="d">2025-11-03</subfield>
    <subfield code="h">Vol. 62, No. 3</subfield>
    <subfield code="l">0</subfield>
    <subfield code="p">P990</subfield>
    <subfield code="r">2025-11-03 16:13:41</subfield>
    <subfield code="w">2025-11-03</subfield>
    <subfield code="y">SR</subfield>
  </datafield>
  <datafield tag="952" ind1=" " ind2=" ">
    <subfield code="0">0</subfield>
    <subfield code="1">0</subfield>
    <subfield code="2">ddc</subfield>
    <subfield code="4">0</subfield>
    <subfield code="7">0</subfield>
    <subfield code="a">IMTN</subfield>
    <subfield code="b">IMTN</subfield>
    <subfield code="d">2025-11-03</subfield>
    <subfield code="h">Vol. 62, No. 4</subfield>
    <subfield code="l">0</subfield>
    <subfield code="p">P991</subfield>
    <subfield code="r">2025-11-03 16:14:34</subfield>
    <subfield code="w">2025-11-03</subfield>
    <subfield code="y">SR</subfield>
  </datafield>
  <datafield tag="952" ind1=" " ind2=" ">
    <subfield code="0">0</subfield>
    <subfield code="1">0</subfield>
    <subfield code="2">ddc</subfield>
    <subfield code="4">0</subfield>
    <subfield code="7">0</subfield>
    <subfield code="a">IMTN</subfield>
    <subfield code="b">IMTN</subfield>
    <subfield code="d">2025-11-25</subfield>
    <subfield code="h">Vol. 62, No. 5</subfield>
    <subfield code="l">0</subfield>
    <subfield code="p">P1040</subfield>
    <subfield code="r">2025-11-25 12:09:48</subfield>
    <subfield code="w">2025-11-25</subfield>
    <subfield code="y">SR</subfield>
  </datafield>
</record>
